000 00521nam a22001817a 4500
003 BD-DhJNU
005 20251105051514.0
008 251105b |||||||| |||| 00| 0 eng d
020 _a9789849513285
040 _aBD-DhJNU
_bENG
_cBD-DhJNU
_dBD-DhJNU
082 _223
_a155.6
100 _aBegum, Hamida Akhtar
245 _aPsychology of gender roles and relations /
_cHamida Akhtar Begum
260 _aDhaka :
_bBanglaprokash,
_c2021.
300 _a164 p. :
_c21 cm.
650 _aAdult Psychology
942 _2ddc
_cBK
_n0
999 _c2345
_d2345